[Event "Klatovy op-B 22nd"]
[Site "Klatovy"]
[Date "2016.07.05"]
[Round "4"]
[White "Filip, Petr1111"]
[Black "Kovar, Michal"]
[Result "1-0"]
[WhiteElo "1353"]
[BlackElo "1479"]
[PlyCount "71"]
[EventDate "2016.07.02"]
[EventType "swiss"]
[EventRounds "9"]
[EventCountry "CZE"]
[SourceTitle "EXT 2019"]
[Source "ChessBase"]
[SourceDate "2018.10.10"]
[SourceVersion "1"]
[SourceVersionDate "2018.10.10"]
[SourceQuality "1"]

1. d4 Nf6 2. Nf3 g6 3. Bf4 Bg7 4. Nc3 d5 5. e3 a6 6. Bd3 0-0 7. h3 Nc6 8. Ne2 Nb4 9. Ne5 Nxd3+ 10. Nxd3 Bf5 11. Ne5 c6 12. Ng3 Be4 13. f3 Bf5 14. Nxf5 gxf5 15. g4 e6 16. Qd2 Re8 17. Qg2 Kf8 18. h4 Ke7 19. h5 h6 20. Qd2 Qb6 21. c4 Nd7 22. Nd3 dxc4 23. Nb4 Nf6 24. a3 Nd5 25. Nxd5+ cxd5 26. gxf5 exf5 27. Rg1 Rg8 28. Qf2 Rae8 29. Rb1 Kd7 30. Qc2 Qe6 31. Qa4+ b5 32. Qa5 Qc6 33. Kf2 Re6 34. Rg3 Ke7 35. Rbg1 Bxd4 36. exd4 1-0